• 首页
  • 本馆介绍
  • 公告通知
  • 最新文献
  • 馆藏检索
  • 电子资源
  • 读者导购
  • 参考咨询
  • 我的图书馆
  • 登录
  • 详细信息显示
  • 放入我的书架
  • 预约/预借图书
  • 作者相关作品
  • 分类相关作品
  • 丛书相关作品
  • 出版社相关作品

书目信息

  • 表格格式
  • 工作单格式
  • 卡片格式
题名:
生态农业的希望
    
 
作者: 王伟 编
分册:  
出版信息: 北京   化学工业出版社  1996
页数: 127
开本: 19cm
丛书名: EM应用技术系列丛书
单 册:
中图分类: S182
科图分类:
主题词: 农业科学:生物学
电子资源:
ISBN: 7-5025-1799-5
000 00581nam0 2200205 450
001 0754114953
005 20070929150154.95
010    @a7-5025-1799-5
100    @a20070929d km y0chiy0120 ea
101 0  @achi
200 1  @a生态农业的希望@Asheng tai nong ye de xi wang@f王伟 编@Fwang wei bian
210    @a北京@c化学工业出版社@d1996
215    @a127@c插图@d19cm
225 2  @aEM应用技术系列丛书
410  0 @12001 @aEM应用技术系列丛书
606 0  @a农业科学:生物学
690    @aS182@v3
701  0 @a王伟@Awang wei@4编
801  0 @aCN@bPFT@c20070929
905    @a213230@dS182@eh5@f1
    
    生态农业的希望/王伟 编.-北京:化学工业出版社,1996
    127:插图;19cm.-(EM应用技术系列丛书)
    
    
    ISBN 7-5025-1799-5:
    
●
相关链接 在E读中查询图书 在五车中查询图书 在当当中查询图书 在豆瓣中查询图书


正题名:生态农业的希望     索取号:S182/h5         预约/预借

序号 登录号 条形码 馆藏地/架位号 状态 备注
1 6001140   260011409   密集书库-化学系/ [索取号:S182/h5] 在馆    
唐山师范学院图书馆 欢迎您!
大连网信软件有限公司© 版权所有